[Event "RE-2011-0-00064"]
[Site "LSS email"]
[Date "2011.06.03"]
[Round "?"]
[White "Basson, Heinrich"]
[Black "Checa, Nicholas de T"]
[Result "1-0"]
[WhiteElo "1318"]
[BlackElo "1127"]
[PlyCount "45"]
[EventDate "2011.04.09"]
[EventType "tourn (corr)"]
[EventRounds "6"]
[EventCountry "GER"]
[SourceTitle "Telechess CBM 147"]
[Source "ChessBase"]
[SourceDate "2012.03.16"]
[SourceVersion "1"]
[SourceVersionDate "2012.03.16"]
[SourceQuality "1"]

1. d4 Nf6 2. c4 g6 3. Nc3 d5 4. cxd5 Nxd5 5. e4 Nxc3 6. bxc3 Bg7 7. Be3 a6 8. Nf3 0-0 9. Bc4 b5 10. Bd5 Ra7 11. a4 bxa4 12. Qxa4 Bd7 13. Qa5 e6 14. Bc4 Nc6 15. Qa3 a5 16. d5 exd5 17. exd5 Ne7 18. Bxa7 Nf5 19. 0-0 c6 20. Bc5 Re8 21. Rae1 cxd5 22. Bxd5 Qc7 23. Bxf7+ 1-0

[Event "RE-2011-0-00064"]
[Site "LSS email"]
[Date "2011.06.03"]
[Round "?"]
[White "Checa, Nicholas de T"]
[Black "Lewis, Jerome A"]
[Result "0-1"]
[WhiteElo "1127"]
[BlackElo "1143"]
[PlyCount "44"]
[EventDate "2011.04.09"]
[EventType "tourn (corr)"]
[EventRounds "6"]
[EventCountry "GER"]
[SourceTitle "Telechess CBM 147"]
[Source "ChessBase"]
[SourceDate "2012.03.16"]
[SourceVersion "1"]
[SourceVersionDate "2012.03.16"]
[SourceQuality "1"]

1. d4 e6 2. e4 d5 3. e5 c5 4. Nf3 Nc6 5. c3 Qb6 6. Be2 Nh6 7. 0-0 cxd4 8. cxd4 Nf5 9. Nc3 Nfxd4 10. Na4 Nxf3+ 11. Bxf3 Qc7 12. Re1 Nxe5 13. Bf4 Nxf3+ 14. gxf3 Qxf4 15. Nc5 Bxc5 16. Qxd5 Bxf2+ 17. Kxf2 0-0 18. Qh5 Qd4+ 19. Kg3 f5 20. b3 f4+ 21. Kh4 Qf2+ 22. Kg5 Rf5+ 0-1

[Event "RE-2011-0-00062"]
[Site "LSS email"]
[Date "2011.04.30"]
[Round "?"]
[White "Fridich, Vaclav Sr"]
[Black "Checa, Nicholas de T"]
[Result "1-0"]
[WhiteElo "1232"]
[BlackElo "1160"]
[PlyCount "57"]
[EventDate "2011.03.28"]
[EventType "tourn (corr)"]
[EventRounds "6"]
[EventCountry "GER"]
[SourceTitle "Corr 2013"]
[Source "ChessBase"]
[SourceDate "2012.11.12"]
[SourceVersion "1"]
[SourceVersionDate "2012.11.12"]
[SourceQuality "1"]

1. e4 c5 2. Nf3 d6 3. d4 cxd4 4. Nxd4 a6 5. Bc4 e5 6. Nf3 Bg4 7. 0-0 Nf6 8. Nc3 Be7 9. Be2 Nc6 10. a3 Rc8 11. Qd3 b5 12. b4 0-0 13. h3 Bh5 14. Bb2 Re8 15. Rac1 Qd7 16. Rfd1 Red8 17. Kh1 Bg6 18. g4 h5 19. Rg1 hxg4 20. Nh4 Nxe4 21. Nxe4 Bxh4 22. Rxg4 Bxf2 23. Rxg6 fxg6 24. Nxf2 Qf7 25. Rf1 Qe6 26. Bg4 Qe7 27. Bxc8 Rxc8 28. Qxg6 Nd4 29. Bxd4 1-0

[Event "RE-2011-0-00062"]
[Site "LSS email"]
[Date "2011.04.28"]
[Round "?"]
[White "Checa, Nicholas de T"]
[Black "Couspeyre, Thierry"]
[Result "0-1"]
[WhiteElo "1160"]
[BlackElo "1187"]
[PlyCount "48"]
[EventDate "2011.03.28"]
[EventType "tourn (corr)"]
[EventRounds "6"]
[EventCountry "GER"]
[SourceTitle "Corr 2013"]
[Source "ChessBase"]
[SourceDate "2012.11.12"]
[SourceVersion "1"]
[SourceVersionDate "2012.11.12"]
[SourceQuality "1"]

1. e4 e5 2. Nf3 Nc6 3. Bc4 Be7 4. d4 exd4 5. Nxd4 Nf6 6. Nc3 0-0 7. Be3 Bb4 8. Qd3 Ne5 9. Qe2 Nxe4 10. Bd2 Nxd2 11. Kxd2 Qg5+ 12. Kd1 d5 13. Bxd5 Bg4 14. f3 Bxc3 15. bxc3 Bh5 16. g4 Nxg4 17. fxg4 Qxd5 18. Re1 Bg6 19. h4 c5 20. h5 cxd4 21. hxg6 dxc3+ 22. Kc1 fxg6 23. Qe7 Qd2+ 24. Kb1 Rae8 0-1

[Event "RE-2011-0-00054"]
[Site "LSS email"]
[Date "2011.02.24"]
[Round "?"]
[White "Checa, Nicholas de T"]
[Black "Zeidan, Mohammad"]
[Result "0-1"]
[WhiteElo "1178"]
[BlackElo "1332"]
[PlyCount "24"]
[EventDate "2011.01.05"]
[EventType "tourn (corr)"]
[EventRounds "6"]
[EventCountry "GER"]
[SourceTitle "Corr 2013"]
[Source "ChessBase"]
[SourceDate "2012.11.12"]
[SourceVersion "1"]
[SourceVersionDate "2012.11.12"]
[SourceQuality "1"]

1. e4 d6 2. d4 g6 3. Be3 Bg7 4. c4 Nf6 5. Nc3 0-0 6. f4 Ng4 7. Bc1 c5 8. d5 e5 9. h3 Qh4+ 10. Kd2 Nf2 11. Nf3 Qxf4+ 12. Ke2 Nxd1 0-1

[Event "RE-2011-0-00054"]
[Site "LSS email"]
[Date "2011.02.19"]
[Round "?"]
[White "Couspeyre, Thierry"]
[Black "Checa, Nicholas de T"]
[Result "1-0"]
[WhiteElo "1196"]
[BlackElo "1178"]
[PlyCount "39"]
[EventDate "2011.01.05"]
[EventType "tourn (corr)"]
[EventRounds "6"]
[EventCountry "GER"]
[SourceTitle "Telechess CBM 145"]
[Source "Chessbase"]
[SourceDate "2011.11.11"]
[SourceVersion "1"]
[SourceVersionDate "2011.11.11"]
[SourceQuality "1"]

1. d4 Nf6 2. c4 e6 3. Nc3 Bb4 4. Qc2 Nc6 5. Nf3 d5 6. e3 Ne4 7. a3 Bxc3+ 8. bxc3 0-0 9. Bd3 f5 10. 0-0 Ng5 11. Nxg5 Qxg5 12. e4 Qd8 13. cxd5 Ne7 14. dxe6 Bxe6 15. e5 f4 16. Bxh7+ Kh8 17. Be4 Bf5 18. Bxf4 Qe8 19. Bxf5 Rxf5 20. Bg3 1-0

[Event "RE-2011-0-00054"]
[Site "LSS email"]
[Date "2011.02.19"]
[Round "?"]
[White "Prakash, Om"]
[Black "Checa, Nicholas de T"]
[Result "1-0"]
[WhiteElo "1502"]
[BlackElo "1178"]
[PlyCount "37"]
[EventDate "2011.01.05"]
[EventType "tourn (corr)"]
[EventRounds "6"]
[EventCountry "GER"]
[SourceTitle "Telechess CBM 145"]
[Source "Chessbase"]
[SourceDate "2011.11.11"]
[SourceVersion "1"]
[SourceVersionDate "2011.11.11"]
[SourceQuality "1"]

1. e4 d6 2. d4 Nf6 3. Nc3 c6 4. Nf3 Bg4 5. h3 Bh5 6. g4 Bg6 7. Bd3 Nbd7 8. e5 dxe5 9. dxe5 Nd5 10. Bxg6 Nxc3 11. e6 fxg6 12. exd7+ Qxd7 13. Qxd7+ Kxd7 14. bxc3 Rd8 15. Be3 a6 16. 0-0-0+ Kc8 17. Rxd8+ Kxd8 18. Rd1+ Kc8 19. Bb6 1-0

[Event "OP-2010-0-01264"]
[Site "LSS email"]
[Date "2010.09.16"]
[Round "?"]
[White "Bogric, Robert"]
[Black "Checa, Nicholas de T"]
[Result "0-1"]
[WhiteElo "864"]
[BlackElo "749"]
[PlyCount "50"]
[EventDate "2010.09.10"]
[EventType "tourn (corr)"]
[EventRounds "4"]
[EventCountry "GER"]
[SourceTitle "Telechess CBM 143"]
[Source "ChessBase"]
[SourceDate "2011.07.15"]
[SourceVersion "1"]
[SourceVersionDate "2011.07.15"]
[SourceQuality "1"]

1. d4 Nf6 2. Nf3 g6 3. c4 Bg7 4. Nc3 d5 5. Bg5 dxc4 6. e4 c6 7. Bxc4 b5 8. Bb3 Nbd7 9. Rc1 Qb6 10. 0-0 0-0 11. e5 a5 12. exf6 Nxf6 13. Re1 Re8 14. a3 Bg4 15. Bxf7+ Kxf7 16. Ne5+ Kg8 17. Nxg4 Nxg4 18. Qxg4 Qxd4 19. Qxd4 Bxd4 20. Rxe7 Rf8 21. Ne4 Bxb2 22. Rxc6 b4 23. axb4 axb4 24. Rcc7 Ra1+ 25. Rc1 Bxc1 0-1

[Event "OP-2010-0-01264"]
[Site "LSS email"]
[Date "2010.09.16"]
[Round "?"]
[White "Checa, Nicholas de T"]
[Black "Zalascek, Vlado"]
[Result "0-1"]
[WhiteElo "754"]
[BlackElo "1226"]
[PlyCount "60"]
[EventDate "2010.09.10"]
[EventType "tourn (corr)"]
[EventRounds "4"]
[EventCountry "GER"]
[SourceTitle "Telechess CBM 143"]
[Source "ChessBase"]
[SourceDate "2011.07.15"]
[SourceVersion "1"]
[SourceVersionDate "2011.07.15"]
[SourceQuality "1"]

1. e4 e6 2. d4 d5 3. e5 c5 4. c3 a6 5. a4 Qa5 6. Bd2 cxd4 7. cxd4 Qb6 8. Nf3 Qxb2 9. Bc3 Bb4 10. Bxb4 Qxb4+ 11. Nbd2 Nc6 12. Rb1 Qa5 13. Be2 Nge7 14. 0-0 0-0 15. Qc2 Nf5 16. Nb3 Qxa4 17. Bd3 Nb4 18. Qd2 Nxd3 19. Qxd3 b6 20. Ra1 Qc4 21. Qxc4 dxc4 22. Nbd2 b5 23. Ne4 Bb7 24. Nd6 Nxd6 25. exd6 Rfd8 26. Rfd1 Bxf3 27. gxf3 Rxd6 28. Kg2 c3 29. Rac1 b4 30. Kg3 Rad8 0-1

[Event "LSS SE-2010-0-00053"]
[Site "LSS email"]
[Date "2010.08.28"]
[Round "?"]
[White "Checa, Nicholas de T"]
[Black "Klapp, Ulrich"]
[Result "1-0"]
[WhiteElo "1255"]
[BlackElo "1256"]
[PlyCount "79"]
[EventDate "2010.06.19"]
[EventType "tourn (corr)"]
[EventRounds "6"]
[EventCountry "GER"]
[SourceTitle "Telechess CBM 143"]
[Source "ChessBase"]
[SourceDate "2011.07.15"]
[SourceVersion "1"]
[SourceVersionDate "2011.07.15"]
[SourceQuality "1"]

1. e4 c5 2. Nf3 g6 3. d4 Bg7 4. dxc5 Qa5+ 5. c3 Qxc5 6. Be3 Qa5 7. b4 Qc7 8. Qd2 a6 9. Bd4 Nf6 10. e5 Ne4 11. Qe3 f5 12. Bd3 Nc6 13. 0-0 Nxd4 14. cxd4 d6 15. Bxe4 fxe4 16. Qxe4 0-0 17. Qd5+ e6 18. Qxd6 Qxd6 19. exd6 Rd8 20. Nbd2 Rxd6 21. Nc4 Rc6 22. Nce5 Rd6 23. Rac1 Bxe5 24. dxe5 Rd8 25. Ng5 a5 26. b5 Bd7 27. a4 Rac8 28. Ne4 Rxc1 29. Rxc1 b6 30. Nd6 Rf8 31. Rc7 Be8 32. Rb7 h5 33. Rxb6 Bd7 34. Ra6 Rf4 35. Ra8+ Kg7 36. Ra7 Rxa4 37. Rxd7+ Kf8 38. Kf1 Ra1+ 39. Ke2 Rb1 40. Ra7 1-0

[Event "SN-2010-0-00268"]
[Site "LSS email"]
[Date "2010.08.17"]
[Round "?"]
[White "Lebduska, Daniel"]
[Black "Checa, Nicholas de T"]
[Result "0-1"]
[WhiteElo "542"]
[BlackElo "639"]
[PlyCount "40"]
[EventDate "2010.08.02"]
[EventType "tourn (corr)"]
[EventRounds "6"]
[EventCountry "GER"]
[SourceTitle "Telechess CBM 143"]
[Source "ChessBase"]
[SourceDate "2011.07.15"]
[SourceVersion "1"]
[SourceVersionDate "2011.07.15"]
[SourceQuality "1"]

1. e4 c5 2. Bc4 e6 3. Nf3 d5 4. exd5 exd5 5. Qe2+ Be7 6. Bb3 Nf6 7. 0-0 0-0 8. h3 Re8 9. d3 Nc6 10. Bf4 Bd6 11. Qd2 Bxf4 12. Qxf4 Nh5 13. Qd2 Qf6 14. c3 Bxh3 15. gxh3 Qxf3 16. Na3 Nf4 17. Bxd5 Ne5 18. Bxf3 Nxf3+ 19. Kh1 Nxd2 20. Rfd1 Re2 0-1

[Event "LSS RF-2010-0-00053"]
[Site "LSS email"]
[Date "2010.07.29"]
[Round "?"]
[White "Checa, Nicholas de T"]
[Black "Vananderoye, Tom"]
[Result "1/2-1/2"]
[WhiteElo "1234"]
[BlackElo "1279"]
[PlyCount "133"]
[EventDate "2010.06.03"]
[EventType "tourn (corr)"]
[EventRounds "6"]
[EventCountry "GER"]
[SourceTitle "Telechess CBM 141"]
[Source "ChessBase"]
[SourceDate "2011.03.17"]
[SourceVersion "1"]
[SourceVersionDate "2011.03.17"]
[SourceQuality "1"]

1. e4 c5 2. Nf3 e6 3. Nc3 Nc6 4. Bb5 Nd4 5. 0-0 Ne7 6. Nxd4 cxd4 7. Ne2 a6 8. Ba4 b5 9. Bb3 Nc6 10. a4 Bb7 11. axb5 axb5 12. Rxa8 Qxa8 13. d3 Be7 14. c3 dxc3 15. bxc3 0-0 16. Bb2 Qd8 17. Ng3 Qb6 18. Qh5 g6 19. Qh6 Ne5 20. Bc2 Rc8 21. Qd2 b4 22. Rb1 Ba6 23. cxb4 Ng4 24. d4 Bxb4 25. Qd1 Be1 26. Qxe1 Rxc2 27. Bc3 Qc7 28. Bd2 Qc4 29. Be3 Nxe3 30. Qxe3 Rc3 31. Qg5 f6 32. Qd2 Qd3 33. Qd1 Bc4 34. e5 Qxd1+ 35. Rxd1 f5 36. h4 Rc2 37. Nf1 f4 38. g3 fxg3 39. Nxg3 Bd5 40. Nf1 Ra2 41. Ne3 Bf3 42. Rc1 Rd2 43. Rc4 Be4 44. Rc7 Rxd4 45. Rc4 Rxc4 46. Nxc4 Kf8 47. Nd6 Bc6 48. Kh2 Ke7 49. Kg3 h6 50. Kg4 Ba4 51. f4 Bd1+ 52. Kg3 Ba4 53. Kf3 Kf8 54. Ke4 Kg7 55. Ke3 Bc6 56. Kf2 g5 57. hxg5 hxg5 58. fxg5 Kg6 59. Ke2 Kxg5 60. Ke3 Ba4 61. Ke4 Bc6+ 62. Kd3 Kg4 63. Kd4 Kf4 64. Nf7 Bf3 65. Nd6 Bc6 66. Nf7 Bf3 67. Nd6 1/2-1/2

[Event "LSS RN-2010-0-00304"]
[Site "LSS email"]
[Date "2010.07.27"]
[Round "?"]
[White "Yangibayev, Rustam"]
[Black "Checa, Nicholas de T"]
[Result "0-1"]
[WhiteElo "715"]
[BlackElo "687"]
[PlyCount "78"]
[EventDate "2010.07.05"]
[EventType "tourn (corr)"]
[EventRounds "6"]
[EventCountry "GER"]
[SourceTitle "Telechess CBM 143"]
[Source "ChessBase"]
[SourceDate "2011.07.15"]
[SourceVersion "1"]
[SourceVersionDate "2011.07.15"]
[SourceQuality "1"]

1. d4 Nf6 2. c4 g6 3. Nc3 Bg7 4. Bg5 0-0 5. Nf3 c6 6. e4 d5 7. e5 Ne8 8. Qd2 f6 9. exf6 Nxf6 10. Bd3 Bg4 11. 0-0 Bxf3 12. gxf3 Qd7 13. Rfe1 Qh3 14. Rxe7 Qxf3 15. Be2 Qf5 16. Bh6 Bxh6 17. Qxh6 Rf7 18. Re5 Qxf2+ 19. Kh1 Qxd4 20. Re3 Qc5 21. Rg1 d4 22. Ne4 Qf8 23. Qh4 Nbd7 24. Rh3 Qg7 25. Nd6 Rff8 26. Nf5 Qh8 27. c5 Nd5 28. Ne7+ Nxe7 29. Qxe7 Qg7 30. Qe6+ Rf7 31. Bc4 Ne5 32. Bb3 Kh8 33. Bc2 Raf8 34. Qb3 Rf1 35. Rhg3 Qh6 36. Be4 Rxg1+ 37. Rxg1 Qf4 38. Bg2 Ng4 39. Qh3 Nf2# 0-1

[Event "ZN-2010-0-01101"]
[Site "LSS email"]
[Date "2010.07.26"]
[Round "?"]
[White "Neil, Charles"]
[Black "Checa, Nicholas de T"]
[Result "1/2-1/2"]
[WhiteElo "523"]
[BlackElo "696"]
[PlyCount "47"]
[EventDate "2010.07.12"]
[EventType "match (corr)"]
[EventRounds "2"]
[EventCountry "GER"]
[SourceTitle "Telechess CBM 143"]
[Source "ChessBase"]
[SourceDate "2011.07.15"]
[SourceVersion "1"]
[SourceVersionDate "2011.07.15"]
[SourceQuality "1"]

1. c4 e5 2. g3 d5 3. Bg2 Nf6 4. cxd5 Nxd5 5. Nc3 Be6 6. Nf3 Nc6 7. d3 f6 8. a3 a5 9. e4 Nb6 10. 0-0 Bc5 11. Re1 0-0 12. Be3 Nd4 13. Bxd4 Bxd4 14. Nxd4 exd4 15. Ne2 c5 16. Rc1 Nd7 17. Nf4 Bf7 18. Qg4 Ne5 19. Rxc5 h5 20. Qe2 b6 21. Rcc1 g5 22. Nxh5 Bxh5 23. Qxh5 Nxd3 24. Qg6+ 1/2-1/2

[Event "LSS RF-2010-0-00053"]
[Site "LSS email"]
[Date "2010.07.25"]
[Round "?"]
[White "Chandler, Mark"]
[Black "Checa, Nicholas de T"]
[Result "0-1"]
[WhiteElo "812"]
[BlackElo "1213"]
[PlyCount "68"]
[EventDate "2010.06.03"]
[EventType "tourn (corr)"]
[EventRounds "6"]
[EventCountry "GER"]
[SourceTitle "Telechess CBM 141"]
[Source "ChessBase"]
[SourceDate "2011.03.17"]
[SourceVersion "1"]
[SourceVersionDate "2011.03.17"]
[SourceQuality "1"]

1. e4 c5 2. c3 d5 3. exd5 Qxd5 4. d4 Nc6 5. Nf3 Bg4 6. Be2 0-0-0 7. 0-0 Nf6 8. c4 Qf5 9. d5 Bxf3 10. Bxf3 Nd4 11. Na3 e6 12. Be3 Nxf3+ 13. Qxf3 Qxf3 14. gxf3 exd5 15. Nb5 a6 16. Nc3 d4 17. Bf4 dxc3 18. bxc3 Rd3 19. Kg2 Rxc3 20. Rfd1 Rxc4 21. Bg3 b5 22. Rd3 Rc2 23. Rad1 Be7 24. Bd6 c4 25. Ra3 Rd8 26. Rxa6 Kb7 27. Ra5 Rxd6 28. Rxb5+ Kc6 29. Rxd6+ Bxd6 30. a4 c3 31. Rb3 Nd5 32. a5 Rxf2+ 33. Kxf2 c2 34. Rb6+ Nxb6 0-1

[Event "LSS SF-2010-0-00059"]
[Site "LSS email"]
[Date "2010.06.09"]
[Round "?"]
[White "Checa, Nicholas de T"]
[Black "Vontina, Maria"]
[Result "1-0"]
[WhiteElo "1152"]
[BlackElo "651"]
[PlyCount "95"]
[EventDate "2010.05.14"]
[EventType "tourn (corr)"]
[EventRounds "6"]
[EventCountry "GER"]
[SourceTitle "Telechess CBM 141"]
[Source "ChessBase"]
[SourceDate "2011.03.17"]
[SourceVersion "1"]
[SourceVersionDate "2011.03.17"]
[SourceQuality "1"]

1. e4 c5 2. Nf3 d6 3. Nc3 Nf6 4. d4 cxd4 5. Nxd4 g6 6. Bb5+ Nbd7 7. 0-0 Bg7 8. Re1 0-0 9. Bg5 a6 10. Be2 Ne5 11. Nf3 Nxf3+ 12. Bxf3 Be6 13. Nd5 Rc8 14. Bxf6 Bxf6 15. Nxf6+ exf6 16. c3 Qc7 17. Qd4 Qe7 18. a3 Rc4 19. Qd3 Rfc8 20. Rad1 Rd8 21. Rd2 Rc7 22. Bd1 Bd7 23. Qxd6 Qxd6 24. Rxd6 Rc6 25. Rd4 Rcc8 26. Bb3 Be6 27. Bd5 Re8 28. Bxb7 Rb8 29. Bxa6 Rxb2 30. a4 Ra8 31. Bb5 Rc2 32. c4 Rc8 33. f3 Bxc4 34. Bxc4 R2xc4 35. Rxc4 Rxc4 36. Ra1 Rc8 37. a5 Ra8 38. a6 Kf8 39. a7 Ke7 40. Ra6 h6 41. Kf2 f5 42. exf5 gxf5 43. Kg3 Kd7 44. Kf4 Kc7 45. Kxf5 Kb7 46. Ra2 Rxa7 47. Rxa7+ Kxa7 48. Kf6 1-0